| 000 | 00650nam a22002417a 4500 | ||
|---|---|---|---|
| 003 | UA-OsUOA | ||
| 001 | 21622 | ||
| 007 | ta | ||
| 008 | 20031211b un ||||| |||| 00| 0 ukr d | ||
| 090 |
_a339.13 _bЗ-43 |
||
| 942 | _cBK | ||
| 040 |
_aUA-OsUOA _bukr _cUA-OsUOA _dUA-OsUOA |
||
| 245 |
_aЗвіт про світовий розвиток _bВажке завдання розвитку _cРед.В.А.Ред. В.Д.Недашківський |
||
| 300 | _a270 с. | ||
| 955 | _a0 | ||
| 041 | _aukr | ||
| 080 | _a339.13 | ||
| 020 | _a5-86828-019-9 | ||
| 260 |
_aКиїв _bАбрис _c1994 |
||
| 044 | _aUA | ||
| 650 | 7 | _2UDC | |
| 999 |
_c307827 _d307827 |
||